| 000 | 01204 a2200181 4500 | ||
|---|---|---|---|
| 003 | Nust | ||
| 005 | 20170207153513.0 | ||
| 020 | _a8189645455 | ||
| 040 | _cNust | ||
| 082 | _a954 | ||
| 100 | _aSmith,V.A | ||
| 245 |
_aThe Early history of India, _cV.A Smith |
||
| 260 |
_aNew Delhi _bPragun Pub |
||
| 300 | _a534;p | ||
| 505 | _aIntroduction (Page-1) The Dynasties Before Alexander , 600To 326 (page-28) Alexander Indian Campaign (page-52) Alexander Indian Campaign :The Retreat Chronology of the Indian Campaign of Alexander the Great (Page-119) Chandragupta Maurya and Bindusara from 322 to 273 (Page-121) Asoka Maurya (Page-162) Asoka Maurya (Continued) (Page-184) The Suga , Kanva ,and andhra Dynasties (Page-208) The Indo – Greek and Indo-Parthian Dynas-Ties from about 250 B.C.to A.D. 60 (page-238) The Kushan or Indo-Scythian Dynasty (Page-263) The Gupta Empire, and The Western Satraps (Page-295) The Gupta Empire (Continued ) (Page-318) The Reign of Harsha , From A.D. 606 to 647 (Page-348) The Mediaeval Kingdoms of The North (Page-374) The Kingdoms of The Deccan (page-349) The Kingdoms of the South Epilogue (Page-456) | ||
| 538 | _aAlmirah No.62 Shelf No.4 | ||
| 650 | _a history of India | ||
| 942 |
_2ddc _cBK |
||
| 999 |
_c187475 _d187475 |
||